| 000 | 00535cam a2200205ua 4500 | ||
|---|---|---|---|
| 020 | _c385.00 | ||
| 041 |
_aeng _h |
||
| 082 |
_a621.4022 _bCEN/HE |
||
| 100 | _aCengel, Yunus A . | ||
| 245 |
_aHeat transfer : A practical approach / _cYunus A Cengel. _hTextual Documents |
||
| 250 |
_a2 / _b. |
||
| 260 |
_aNew Delhi : _bTata Mc-Graw Hill Publishing Company , _c2004. |
||
| 300 | _a908 ; . | ||
| 365 | _a385.00 | ||
| 500 | _a20891- Scheme | ||
| 504 | _a | ||
| 942 | _cBK | ||
| 999 |
_c12187 _d12187 |
||